NFL Top 10 Yards from Scrimmage 1970s - Statistics

General Stats
  • This quiz has been taken 21 times
  • The average score is 50 of 100
Answer Stats
Year Team Player % Correct
1973: 6 Redskins Larry Brown
93%
1972: 1 Redskins Larry Brown
93%
1971: 8 Redskins Larry Brown
93%
1970: 2 Redskins Larry Brown
93%
1976: 1 Bills O.J. Simpson
93%
1975: 1 Bills O.J. Simpson
93%
1974: 5 Bills O.J. Simpson
93%
1973: 1 Bills O.J. Simpson
93%
1972: 3 Bills O.J. Simpson
93%
1979: 10 Steelers Franco Harris
87%
1977: 9 Steelers Franco Harris
87%
1975: 4 Steelers Franco Harris
87%
1974: 8 Steelers Franco Harris
87%
1979: 2 Bears Walter Payton
87%
1978: 1 Bears Walter Payton
87%
1977: 1 Bears Walter Payton
87%
1976: 4 Bears Walter Payton
87%
1977: 10 Seahawks Sherman Smith
73%
1978: 5 Dolphins Delvin Williams
67%
1976: 5 49ers Delvin Williams
67%
1979: 4 Oilers Earl Campbell
67%
1978: 4 Oilers Earl Campbell
67%
1971: 5 Dolphins Larry Csonka
67%
1977: 5 Vikings Chuck Foreman
60%
1976: 3 Vikings Chuck Foreman
60%
1975: 2 Vikings Chuck Foreman
60%
1974: 4 Vikings Chuck Foreman
60%
1970: 4 Packers Donny Anderson
60%
1973: 5 Bengals Essex Johnson
60%
1972: 8 Bengals Essex Johnson
60%
1973: 3 Broncos Floyd Little
60%
1971: 1 Broncos Floyd Little
60%
1970: 9 Broncos Floyd Little
60%
1977: 2 Colts Lydell Mitchell
60%
1976: 2 Colts Lydell Mitchell
60%
1975: 3 Colts Lydell Mitchell
60%
1974: 6 Colts Lydell Mitchell
60%
1979: 3 Cardinals Ottis Anderson
60%
1973: 9 Giants Ron Johnson
60%
1972: 2 Giants Ron Johnson
60%
1970: 1 Giants Ron Johnson
60%
1979: 9 Cowboys Tony Dorsett
60%
1978: 2 Cowboys Tony Dorsett
60%
1977: 8 Cowboys Tony Dorsett
60%
1973: 2 Cowboys Calvin Hill
53%
1972: 4 Cowboys Calvin Hill
53%
1970: 5 Dolphins Jim Kiick
53%
1975: 6 Jets John Riggins
53%
1971: 6 Chiefs Otis Taylor
53%
1979: 1 Eagles Wilbert Montgomery
53%
1978: 7 Eagles Wilbert Montgomery
53%
1977: 4 Rams Lawrence McCutcheon
47%
1976: 6 Rams Lawrence McCutcheon
47%
1974: 2 Rams Lawrence McCutcheon
47%
1973: 4 Rams Lawrence McCutcheon
47%
1976: 10 Steelers Rocky Bleier
47%
1977: 7 Patriots Sam Cunningham
47%
1979: 8 Saints Chuck Muncie
40%
1976: 9 Browns Greg Pruitt
40%
1975: 7 Browns Greg Pruitt
40%
1974: 9 Packers John Brockington
40%
1973: 10 Packers John Brockington
40%
1972: 7 Packers John Brockington
40%
1971: 4 Packers John Brockington
40%
1971: 9 Browns Leroy Kelly
40%
1978: 8 Raiders Mark van Eeghen
40%
1977: 6 Raiders Mark van Eeghen
40%
1979: 7 Buccaneers Ricky Bell
40%
1970: 6 49ers Gene Washington
33%
1979: 6 Colts Joe Washington
33%
1978: 9 Colts Joe Washington
33%
1972: 6 Chargers Mike Garrett
33%
1976: 7 Broncos Otis Armstrong
33%
1974: 1 Broncos Otis Armstrong
33%
1971: 10 Dolphins Paul Warfield
33%
1971: 7 49ers Vic Washington
33%
1973: 7 Bengals Boobie Clark
27%
1975: 9 Falcons Dave Hampton
27%
1972: 9 Falcons Dave Hampton
27%
1970: 10 Chiefs Ed Podolak
27%
1979: 5 Browns Mike Pruitt
27%
1977: 3 Browns Mike Pruitt
27%
1975: 8 Cowboys Robert Newhouse
27%
1975: 10 Cardinals Terry Metcalf
27%
1974: 10 Cardinals Terry Metcalf
27%
1976: 8 Redskins Mike Thomas
20%
1975: 5 Redskins Mike Thomas
20%
1970: 7 Raiders Hewritt Dixon
13%
1974: 7 Patriots Mack Herron
13%
1978: 10 Bears Roland Harper
13%
1978: 6 Packers Terdell Middleton
13%
1978: 3 Chiefs Tony Reed
13%
1971: 3 Rams Willie Ellison
13%
1972: 5 Falcons Art Malone
7%
1972: 10 Chargers Cid Edwards
7%
1974: 3 Chargers Don Woods
7%
1970: 8 Rams Les Josephson
7%
1970: 3 Cardinals MacArthur Lane
7%
1971: 2 Lions Steve Owens
7%
1973: 8 Eagles Tom Sullivan
7%
No matching quizzes found
Score Distribution
Percent of People with Each Score
Percentile by Number Answered
Your Score History
You have not taken this quiz